| 000 -LEADER |
| fixed length control field |
01717cam a2200349 a 4500 |
| 001 - CONTROL NUMBER |
| control field |
14947440 |
| 005 - DATE AND TIME OF LATEST TRANSACTION |
| control field |
20170105102913.0 |
| 008 - FIXED-LENGTH DATA ELEMENTS--GENERAL INFORMATION |
| fixed length control field |
070730s2008 nyuab b 001 0 eng c |
| 010 ## - LIBRARY OF CONGRESS CONTROL NUMBER |
| LC control number |
2007031125 |
| 020 ## - INTERNATIONAL STANDARD BOOK NUMBER |
| International Standard Book Number |
9780801446184 (cloth : alk. paper) |
| 040 ## - CATALOGING SOURCE |
| Original cataloging agency |
NIC/DLC |
| Transcribing agency |
DLC |
| Modifying agency |
DLC |
| 042 ## - AUTHENTICATION CODE |
| Authentication code |
pcc |
| 043 ## - GEOGRAPHIC AREA CODE |
| Geographic area code |
a-af--- |
| 050 00 - LIBRARY OF CONGRESS CALL NUMBER |
| Classification number |
DS371.2 |
| Item number |
.S535 2008 |
| 082 00 - DEWEY DECIMAL CLASSIFICATION NUMBER |
| Classification number |
958.104 |
| Edition number |
22 |
| 100 1# - MAIN ENTRY--PERSONAL NAME |
| Personal name |
Sinno, Abdulkader H., |
| Dates associated with a name |
1971- |
| 245 10 - TITLE STATEMENT |
| Title |
Organizations at war in Afghanistan and beyond / |
| Statement of responsibility, etc. |
Abdulkader H. Sinno. |
| 260 ## - PUBLICATION, DISTRIBUTION, ETC. |
| Place of publication, distribution, etc. |
Ithaca : |
| Name of publisher, distributor, etc. |
Cornell University Press, |
| Date of publication, distribution, etc. |
2008. |
| 300 ## - PHYSICAL DESCRIPTION |
| Extent |
xiii, 336 p. : |
| Other physical details |
ill., maps ; |
| Dimensions |
24 cm. |
| 504 ## - BIBLIOGRAPHY, ETC. NOTE |
| Bibliography, etc. note |
Includes bibliographical references and index. |
| 505 0# - FORMATTED CONTENTS NOTE |
| Formatted contents note |
Organizing to win -- Organization and the outcome of conflicts -- Advantages and limitations of structures -- The gist of the organizational theory -- The Soviet withdrawal from Afghanistan -- Resilience through division, 1979-1989 -- The cost of the failure to restructure, 1989-1994 -- The rise of the Taliban, 1994-2001 -- Afghan conflicts under U.S. occupation, 2001 -- The organizational theory beyond Afghanistan. |
| 650 #0 - SUBJECT ADDED ENTRY--TOPICAL TERM |
| Topical term or geographic name entry element |
Low-intensity conflicts (Military science) |
| Geographic subdivision |
Afghanistan. |
| 650 #0 - SUBJECT ADDED ENTRY--TOPICAL TERM |
| Topical term or geographic name entry element |
Organizational behavior |
| Geographic subdivision |
Afghanistan. |
| 650 #0 - SUBJECT ADDED ENTRY--TOPICAL TERM |
| Topical term or geographic name entry element |
Intergroup relations |
| Geographic subdivision |
Afghanistan. |
| 651 #0 - SUBJECT ADDED ENTRY--GEOGRAPHIC NAME |
| Geographic name |
Afghanistan |
| General subdivision |
History |
| Chronological subdivision |
Soviet occupation, 1979-1989. |
| 651 #0 - SUBJECT ADDED ENTRY--GEOGRAPHIC NAME |
| Geographic name |
Afghanistan |
| General subdivision |
History |
| Chronological subdivision |
1989-2001. |
| 651 #0 - SUBJECT ADDED ENTRY--GEOGRAPHIC NAME |
| Geographic name |
Afghanistan |
| General subdivision |
History |
| Chronological subdivision |
2001- |
| 856 41 - ELECTRONIC LOCATION AND ACCESS |
| Materials specified |
Table of contents only |
| Uniform Resource Identifier |
<a href="http://www.loc.gov/catdir/toc/ecip0724/2007031125.html">http://www.loc.gov/catdir/toc/ecip0724/2007031125.html</a> |
| 906 ## - LOCAL DATA ELEMENT F, LDF (RLIN) |
| a |
7 |
| b |
cbc |
| c |
orignew |
| d |
1 |
| e |
ecip |
| f |
20 |
| g |
y-gencatlg |
| 942 ## - ADDED ENTRY ELEMENTS (KOHA) |
| Source of classification or shelving scheme |
|
| Koha item type |
Book |